Dictionary of idioms and phrases / (Record no. 127932)
[ view plain ]
| 000 -LEADER | |
|---|---|
| fixed length control field | 00625nam a22002057a 4500 |
| 005 - DATE AND TIME OF LATEST TRANSACTION | |
| control field | 20170124110032.0 |
| 010 ## - LIBRARY OF CONGRESS CONTROL NUMBER | |
| LC control number | B-082206 |
| 020 ## - INTERNATIONAL STANDARD BOOK NUMBER | |
| International Standard Book Number | 8178800756 |
| Terms of availability | 00.00 |
| 035 ## - SYSTEM CONTROL NUMBER | |
| System control number | B-082206 |
| 037 ## - SOURCE OF ACQUISITION | |
| Source of stock number/acquisition | Cen Lib/Ret |
| 040 ## - CATALOGING SOURCE | |
| Original cataloging agency | DPL |
| Language of cataloging | EN |
| 082 ## - DEWEY DECIMAL CLASSIFICATION NUMBER | |
| Classification number | 483.31 |
| Item number | DIC |
| 245 ## - TITLE STATEMENT | |
| Title | Dictionary of idioms and phrases / |
| Statement of responsibility, etc | edited by R.Halman |
| 260 ## - PUBLICATION, DISTRIBUTION, ETC. (IMPRINT) | |
| Place of publication, distribution, etc | New Delhi |
| Name of publisher, distributor, etc | Rajat publications |
| Date of publication, distribution, etc | 2003 |
| 270 ## - ADDRESS | |
| Address | 4675/21,Ansari Road Darya Ganj |
| City | New Delhi |
| Postal code | 110002 |
| 300 ## - PHYSICAL DESCRIPTION | |
| Extent | 278p. : |
| Other physical details | ill. |
| Dimensions | 20cm(Hb) |
| 650 ## - SUBJECT ADDED ENTRY--TOPICAL TERM | |
| Topical term or geographic name as entry element | Idioms and phrases |
| Form subdivision | Dictionary |
| 9 (RLIN) | 21946 |
| 700 ## - ADDED ENTRY--PERSONAL NAME | |
| Personal name | Halman, R. |
| 9 (RLIN) | 21947 |
| 942 ## - ADDED ENTRY ELEMENTS (KOHA) | |
| Source of classification or shelving scheme | Dewey Decimal Classification |
| Koha item type | English Books |
| Classification part | 483.31 |
| Call number suffix | DIC |
| Withdrawn status | Lost status | Damaged status | Not for loan | Home library | Current library | Date acquired | Source of acquisition | Cost, normal purchase price | Total Checkouts | Full call number | Barcode | Date last seen | Copy number | Cost, replacement price | Price effective from | Koha item type |
|---|---|---|---|---|---|---|---|---|---|---|---|---|---|---|---|---|
| Central Library | Central Library | 01/07/2015 | Cen Lib/Ret | 0.00 | 483.31 DIC | B-082206 | 01/07/2015 | 1 | 0.00 | 01/07/2015 | English Books |
